Historia de la educación pública
Spremljeno u:
| Glavni autor: | |
|---|---|
| Format: | Knjiga |
| Jezik: | španjolski |
| Izdano: |
Buenos Aires
Losada
1946
|
| Serija: | Biblioteca del Maestro, 17
|
| Teme: | |
| Oznake: |
Dodaj oznaku
Bez oznaka, Budi prvi tko označuje ovaj zapis!
|
MARC
| LEADER | 00000nam a2200000 a 4500 | ||
|---|---|---|---|
| 001 | UCW7038 | ||
| 003 | CL-VaPUC | ||
| 008 | 920818e19460000AG |||||||||||||||||spa|d | ||
| 082 | 0 | 4 | |a 371.01 |b LUZ |2 21 |
| 100 | |a Luzuriaga, Lorenzo |e autor |9 599016 | ||
| 245 | 1 | 0 | |a Historia de la educación pública |
| 300 | |a 247 p | ||
| 942 | |c BK | ||
| 945 | |d 19920818 00:00:00 | ||
| 260 | |a Buenos Aires |b Losada |c 1946 | ||
| 650 | 7 | |a ESCUELAS PUBLICAS |2 CL-VaPUC |9 312134 | |
| 650 | 0 | |a Historia de la educación |9 257642 | |
| 650 | 0 | |a Educación básica |9 224933 | |
| 583 | |a last modification |c 20170726 04:51:16 |k Rodrigo Vera | ||
| 490 | 0 | |a Biblioteca del Maestro, 17 | |
| 999 | |c 219923 |d 219921 | ||
| 952 | |0 0 |1 0 |4 0 |6 371_010000000000000_LUZ_1946 |7 0 |8 P |9 211472 |a BIBEDU |b BIBEDU |c BIBEDU_PB |d 2019-11-15 |i 2796694 |o 371.01 LUZ 1946 |p 2796694 |r 2024-01-25 |w 2019-11-15 |y BK |k EDU | ||
| 952 | |0 0 |1 0 |4 0 |6 371_010000000000000_LUZ_1946 |7 0 |8 P |9 211473 |a BIBEDU |b BIBEDU |c BIBEDU_PB |d 2019-11-15 |i 2796708 |o 371.01 LUZ 1946 |p 2796708 |r 2024-01-25 |w 2019-11-15 |y BK |k EDU | ||
| 952 | |0 0 |1 0 |4 0 |6 371_010000000000000_LUZ_1946 |7 0 |8 P |9 211474 |a BIBEDU |b BIBEDU |c BIBEDU_PB |d 2019-11-15 |i 2796716 |o 371.01 LUZ 1946 |p 2796716 |r 2024-01-25 |w 2019-11-15 |y BK |k EDU | ||